=LDR 00000nam 2200000 4500 =001 INLIS000000000044981 =005 20141208142146.0 =006 =007 =008 =020 ##$$a 978-979-29-0723-0 =035 ##$$0010-121400000000131 =040 ##$$a NBPDMAT =082 ##$$a 616.994 =090 ##$$a 616.994 $b Eni w =100 ##$$a Eni Setiati =245 ##$$a Waspadai 4 kanker ganas pembunuh wanita / $c Eri Setiawati; editor, Benedicta Rini W =260 ##$$a Yogyakarta :$b Andi, $c 2009 =300 ##$$a vi, 121 hlm. : $b ilus. ; $c 20 cm. =650 ##$$a Kanker =700 ##$$a Benedicta Rini W =850 ##$$a NBPDMAT =990 ##$$a 0001/BPAP-NTB/20142015 =990 ##$$a 0001/BPAP-NTB/20142015 =990 ##$$a 2090101472/BPAP-NTB/2015 =990 ##$$a 00500050 =990 ##$$a 21419388 =990 ##$$a 21419387 =990 ##$$a 21419389 =990 ##$$a 21419390 =990 ##$$a 0001/BPAP-NTB/20142015 =990 ##$$a 0001/BPAP-NTB/20142015 =990 ##$$a 2090101472/BPAP-NTB/2015 =990 ##$$a 01201900050